NURSING RESEARCH & STATISTICS (Record no. 16568)
[ view plain ]
| 000 -LEADER | |
|---|---|
| fixed length control field | 00324nam a22001457a 4500 |
| 003 - CONTROL NUMBER IDENTIFIER | |
| control field | SGT |
| 020 ## - INTERNATIONAL STANDARD BOOK NUMBER | |
| International Standard Book Number | 978-81-312-5269-7 |
| 082 ## - DEWEY DECIMAL CLASSIFICATION NUMBER | |
| Classification number | 610.72 |
| Item number | N18S |
| 100 ## - MAIN ENTRY--PERSONAL NAME | |
| Personal name | SHARMA, SURESH |
| 245 ## - TITLE STATEMENT | |
| Title | NURSING RESEARCH & STATISTICS |
| 250 ## - EDITION STATEMENT | |
| Edition statement | 3RD |
| 260 ## - PUBLICATION, DISTRIBUTION, ETC. (IMPRINT) | |
| Place of publication, distribution, etc | INDIA |
| Name of publisher, distributor, etc | ELSEVIER PUB |
| Year of Publication | 2018 |
| 300 ## - PAGE DESCRIPTION | |
| No. of Pages | 610 |
| 942 ## - ADDED ENTRY ELEMENTS (KOHA) | |
| Source of classification or shelving scheme | Dewey Decimal Classification |
| Koha item type | Books |
| 942 ## - ADDED ENTRY ELEMENTS (KOHA) | |
| -- | 92 |
| Withdrawn status | Lost status | Source of classification or shelving scheme | Damaged status | Not for loan | Collection code | Home library | Current library | Date acquired | Vendor Name | Cost, normal purchase price | SGTU | Bill Number | Total Checkouts | Total Renewals | Full call number | Accession No. (Barcode) | Date last seen | Date last borrowed | Bill Date | Koha item type | Shelving location |
|---|---|---|---|---|---|---|---|---|---|---|---|---|---|---|---|---|---|---|---|---|---|
| Dewey Decimal Classification | NURSING | SGT Medical Library | SGT Medical Library | 21/01/2019 | ABC | 695.00 | SGTU | 10396 | 75 | 5 | 610.72 N18S | FN3964 | 16/12/2025 | 10/12/2025 | 08/12/2018 | Books | |||||
| Dewey Decimal Classification | NURSING | SGT Medical Library | SGT Medical Library | 21/01/2019 | ABC | 695.00 | SGTU | 10396 | 55 | 610.72 N18S | FN3965 | 08/01/2026 | 22/12/2025 | 08/12/2018 | Books | Reference Book |